Nannajjana birugaliya harata: katha sankalana (Record no. 119586)
[ view plain ]
| 000 -LEADER | |
|---|---|
| fixed length control field | 00830nam a2200253Ia 4500 |
| 003 - CONTROL NUMBER IDENTIFIER | |
| control field | OSt |
| 005 - DATE AND TIME OF LATEST TRANSACTION | |
| control field | 20251107143157.0 |
| 008 - FIXED-LENGTH DATA ELEMENTS--GENERAL INFORMATION | |
| fixed length control field | 210210b2014 xxu||||| |||| 00| 0 eng d |
| 040 ## - CATALOGING SOURCE | |
| Transcribing agency | AL |
| 041 ## - LANGUAGE CODE | |
| Language code of text/sound track or separate title | Kannada |
| 082 ## - DEWEY DECIMAL CLASSIFICATION NUMBER | |
| Classification number | K894.301 KALN |
| 100 ## - MAIN ENTRY--PERSONAL NAME | |
| Personal name | KALLACHCHU MAHESH NAYAK (R) |
| Dates associated with a name | ಕಲ್ಲಚ್ಚು ಮಹೇಶ್ ನಾಯಕ್ (ಅರ್) |
| 9 (RLIN) | 244714 |
| 245 ## - TITLE STATEMENT | |
| Title | Nannajjana birugaliya harata: katha sankalana |
| Remainder of title | ನನ್ನಜ್ಜನ ಬಿರುಗಾಳಿಯ ಹರತ: ಕಥಾ ಸಂಕಲನ |
| 260 ## - PUBLICATION, DISTRIBUTION, ETC. | |
| Place of publication, distribution, etc. | Bengaluru |
| Name of publisher, distributor, etc. | Vyasa Publications., |
| Date of publication, distribution, etc. | 2014 |
| 300 ## - PHYSICAL DESCRIPTION | |
| Extent | 556 |
| 650 ## - SUBJECT ADDED ENTRY--TOPICAL TERM | |
| Topical term or geographic name entry element | sankalana |
| 9 (RLIN) | 244715 |
| 650 ## - SUBJECT ADDED ENTRY--TOPICAL TERM | |
| Topical term or geographic name entry element | Nannajjana |
| 9 (RLIN) | 244716 |
| 650 ## - SUBJECT ADDED ENTRY--TOPICAL TERM | |
| Topical term or geographic name entry element | katha |
| 9 (RLIN) | 244717 |
| 650 ## - SUBJECT ADDED ENTRY--TOPICAL TERM | |
| Topical term or geographic name entry element | harata: |
| 9 (RLIN) | 244718 |
| 650 ## - SUBJECT ADDED ENTRY--TOPICAL TERM | |
| Topical term or geographic name entry element | birugaliya |
| 9 (RLIN) | 244719 |
| 690 ## - LOCAL SUBJECT ADDED ENTRY--TOPICAL TERM (OCLC, RLIN) | |
| Topical term or geographic name as entry element | Kannada Fiction |
| 9 (RLIN) | 244720 |
| 906 ## - LOCAL DATA ELEMENT F, LDF (RLIN) | |
| a | 070121 |
| 942 ## - ADDED ENTRY ELEMENTS (KOHA) | |
| Source of classification or shelving scheme | Dewey Decimal Classification |
| Koha item type | Book |
| Withdrawn status | Lost status | Source of classification or shelving scheme | Damaged status | Not for loan | Collection code | Home library | Current library | Shelving location | Date acquired | Source of acquisition | Cost, normal purchase price | Total Checkouts | Full call number | Barcode | Date last seen | Price effective from | Koha item type |
|---|---|---|---|---|---|---|---|---|---|---|---|---|---|---|---|---|---|
| Dewey Decimal Classification | Kannada | St Aloysius Library | St Aloysius Library | 02/17/2021 | Kallachchu Prakashana, Mangalur-8 | 390.00 | K894.301 KALN | 070121 | 02/17/2021 | 02/17/2021 | Book |